Development and restrictive covenants, clarification of section 237 of the Town and Country Planning Act 1990 (Record no. 80628)
[ view plain ]
| 000 -LEADER | |
|---|---|
| fixed length control field | 02054cab a22003375a 4500 |
| 001 - CONTROL NUMBER | |
| control field | L144895 |
| 008 - FIXED-LENGTH DATA ELEMENTS--GENERAL INFORMATION | |
| fixed length control field | 080818s2008 xxk f 000 0 eng d |
| 035 ## - SYSTEM CONTROL NUMBER | |
| System control number | (Sirsi) u144895 |
| 041 0# - LANGUAGE CODE | |
| Language code of text/sound track or separate title | eng |
| 100 1# - MAIN ENTRY--PERSONAL NAME | |
| Personal name | Karas, Jonathan |
| 245 00 - TITLE STATEMENT | |
| Title | Development and restrictive covenants, clarification of section 237 of the Town and Country Planning Act 1990 |
| Remainder of title | is it necessary? |
| 260 ## - PUBLICATION, DISTRIBUTION, ETC. | |
| Date of publication, distribution, etc. | 2008 |
| 490 ## - SERIES STATEMENT | |
| Series statement | Journal of Planning and Environment Law |
| Volume/sequential designation | (Issue 1) 2008, 9-17(9) |
| 520 ## - SUMMARY, ETC. | |
| Summary, etc. | Looks at proposed amendments to legislation to allow the use of land to take place notwithstanding that it infringes easements or restrictive covenants. Compensation for 'breaching' rights that restrict the use of land will be based upon the depreciation in the value of the land that has the benefit of the rights. Argues that the simplification of the compensation process is appropriate and should be welcomed and looks at the background behind the changes. Closes by saying that clarification of the law is welcome but unnecessary, with the authors arguing that the decision in Thames Water Utilities v Oxford CC was flawed - leading to the current move towards clarification. |
| 650 24 - SUBJECT ADDED ENTRY--TOPICAL TERM | |
| Topical term or geographic name entry element | R V LONDON BOROUGH OF ENFIELD EX PARTE BROWN |
| 650 24 - SUBJECT ADDED ENTRY--TOPICAL TERM | |
| Topical term or geographic name entry element | THAMES WATER UTILITIES LTD V OXFORD CC AND ANOTHER |
| 650 24 - SUBJECT ADDED ENTRY--TOPICAL TERM | |
| Topical term or geographic name entry element | TOWN AND COUNTRY PLANNING ACT 1990 S237 |
| 650 24 - SUBJECT ADDED ENTRY--TOPICAL TERM | |
| Topical term or geographic name entry element | FLETCHER V BIRKENHEAD CORPORATION |
| 650 24 - SUBJECT ADDED ENTRY--TOPICAL TERM | |
| Topical term or geographic name entry element | HAMMERSMITH RAILWAY COMPANY V BRAND |
| 650 24 - SUBJECT ADDED ENTRY--TOPICAL TERM | |
| Topical term or geographic name entry element | KIRBY V SCHOOL BOARD FOR HARROGATE |
| 650 24 - SUBJECT ADDED ENTRY--TOPICAL TERM | |
| Topical term or geographic name entry element | LAW OF PROPERTY ACT 1925 S84 |
| 650 24 - SUBJECT ADDED ENTRY--TOPICAL TERM | |
| Topical term or geographic name entry element | LONG EATON RECREATION GROUNDS CO LTD V MIDLAND RAILWAY CO |
| 650 24 - SUBJECT ADDED ENTRY--TOPICAL TERM | |
| Topical term or geographic name entry element | RE SIMEON AND THE ISLE OF WIGHT RDC |
| 650 24 - SUBJECT ADDED ENTRY--TOPICAL TERM | |
| Topical term or geographic name entry element | WILDTREE HOTELS LTD AND OTHERS V HARROW LBC |
| 650 24 - SUBJECT ADDED ENTRY--TOPICAL TERM | |
| Topical term or geographic name entry element | BROWN V HEATHLANDS MENTAL HEALTH NATIONAL HEALTH SERVICE TRUST |
| 650 24 - SUBJECT ADDED ENTRY--TOPICAL TERM | |
| Topical term or geographic name entry element | COWPER ESSEX V ACTON LOCAL BOARD |
| 651 #4 - SUBJECT ADDED ENTRY--GEOGRAPHIC NAME | |
| Geographic name | England and Wales |
| Chronological subdivision | 1543- |
| 690 ## - LOCAL SUBJECT ADDED ENTRY--TOPICAL TERM (OCLC, RLIN) | |
| Topical term or geographic name as entry element | ENVIRONMENTAL AND LAND CONSULTANCY-PLANNING AND DEVELOPMENT-COMPULSORY PURCHASE AND COMPENSATION |
| 700 1# - ADDED ENTRY--PERSONAL NAME | |
| Personal name | Harper, Joseph |
| 942 ## - ADDED ENTRY ELEMENTS (KOHA) | |
| Suppress in OPAC | 0 |
| Withdrawn status | Lost status | Source of classification or shelving scheme | Damaged status | Not for loan | Home library | Current library | Shelving location | Date acquired | Total Checkouts | Full call number | Barcode | Date last seen | Copy number | Price effective from | Koha item type |
|---|---|---|---|---|---|---|---|---|---|---|---|---|---|---|---|
| Dewey Decimal Classification | London | London | Journal article | 18/08/2008 | L144895 | 144895-1001 | 06/08/2019 | 1 | 06/08/2019 | Journal article |